[Event "2024 British Rapidplay Championship"]
[Site "Holiday Inn Peterborough - West"]
[Date "2024.03.02"]
[Round "2.98"]
[White "Markan, Sanket"]
[Black "Suganya, Yugan"]
[Result "1-0"]
[WhiteFideId "343442226"]
[BlackFideId "343442676"]
[WhiteElo "1680"]
[BlackElo "1400"]
[EventDate "2024.03.02"]

1. d4 Nf6 2. c4 d6 3. Nc3 g6 4. e4 Bg7 5. Be2 O-O 6. Bg5 Nc6 7. Nf3 b6 8. O-O Bb7
9. Qd2 Re8 10. a3 a5 11. Rfe1 Nd7 12. Rac1 f6 13. Bh6 Bh8 14. h4 e5 15. d5 Ne7 16.
b4 axb4 17. axb4 Kf7 18. h5 g5 19. Bxg5 fxg5 20. Nxg5+ Kg8 21. Ne6 Qc8 22. Qg5+ Kf7
23. h6 Rg8 24. Bh5+ Ng6 25. Re3 Bf6 26. Rf3 Ke7 27. Qf5 Ba6 28. g4 Rf8 29. g5 Rf7
30. Bxg6 hxg6 31. Qxg6 1-0

[Event "2024 British Rapidplay Championship"]
[Site "Holiday Inn Peterborough - West"]
[Date "2024.03.02"]
[Round "2.100"]
[White "Barton, Ben"]
[Black "Halpin, David"]
[Result "1-0"]
[WhiteFideId "343416993"]
[BlackFideId "343403484"]
[WhiteElo "1671"]
[BlackElo "1371"]
[EventDate "2024.03.02"]

1. e4 c6 2. d4 d5 3. Nc3 Nf6 4. e5 Nfd7 5. f4 e6 6. Nf3 f6 7. Bd3 Bb4 8. Bd2 Bxc3
9. Bxc3 O-O 10. Qe2 c5 11. exf6 Rxf6 12. O-O-O c4 13. Bxh7+ Kxh7 14. Ng5+ Kg8 15.
Qh5 Kf8 16. Bb4+ Kg8 17. Qh7# 1-0

[Event "2024 British Rapidplay Championship"]
[Site "Holiday Inn Peterborough - West"]
[Date "2024.03.02"]
[Round "3.1"]
[White "White, Stuart A"]
[Black "Gormally, Daniel W"]
[Result "0-1"]
[WhiteFideId "407747"]
[BlackFideId "406465"]
[WhiteElo "2147"]
[BlackElo "2463"]
[EventDate "2024.03.02"]

1. d4 Nf6 2. c4 g6 3. Nc3 Bg7 4. e4 d6 5. h3 O-O 6. Be3 Nc6 7. d5 Ne5 8. f4 Ned7
9. g4 e6 10. Bg2 Nb6 11. Qd3 exd5 12. cxd5 c6 13. dxc6 bxc6 14. O-O-O d5 15. exd5
Nfxd5 16. Nxd5 Nxd5 17. Bxd5 cxd5 18. Qxd5 Qxd5 19. Rxd5 Bb7 0-1

[Event "2024 British Rapidplay Championship"]
[Site "Holiday Inn Peterborough - West"]
[Date "2024.03.02"]
[Round "3.3"]
[White "Birtwistle, Nigel"]
[Black "Roberson, Peter T"]
[Result "0-1"]
[WhiteFideId "406945"]
[BlackFideId "412384"]
[WhiteElo "2114"]
[BlackElo "2401"]
[EventDate "2024.03.02"]

1. Nf3 d5 2. c4 d4 3. g3 Nc6 4. Bg2 e5 5. d3 Nf6 6. O-O Be7 7. b4 Nxb4 8. Nxe5 O-O
9. Nd2 c6 10. a3 Na6 11. Nb3 Nc5 12. Bd2 a5 13. Nf3 Ne6 14. a4 Re8 15. Qe1 Qb6 16.
Rb1 Bb4 17. c5 Nxc5 18. Nbxd4 Nxd3 19. Qd1 Nc5 20. Qc2 Nce4 21. Be3 Nd5 22. Nf5 Qd8
23. N3h4 Nec3 24. Rb3 Be6 25. Bd4 Bxf5 26. Qxf5 Nxe2+ 0-1

[Event "2024 British Rapidplay Championship"]
[Site "Holiday Inn Peterborough - West"]
[Date "2024.03.02"]
[Round "3.4"]
[White "Hebden, Mark L"]
[Black "Cancedda-Dupuis, Livio"]
[Result "1/2-1/2"]
[WhiteFideId "400084"]
[BlackFideId "499447"]
[WhiteElo "2436"]
[BlackElo "1960"]
[EventDate "2024.03.02"]

1. d4 Nf6 2. Bg5 d5 3. e3 Bf5 4. c4 c6 5. Nc3 e6 6. Bd3 Bg6 7. Nge2 Nbd7 8. h4 Bd6
9. h5 Bxd3 10. Qxd3 h6 11. Bxf6 Nxf6 12. O-O-O Bc7 13. Kb1 Qe7 14. f3 O-O-O 15. e4
dxe4 16. fxe4 Kb8 17. Qf3 Rhf8 18. e5 Nd7 19. c5 f6 20. exf6 Nxf6 21. Rhe1 Qf7 22.
Nf4 Bxf4 23. Qxf4+ Kc8 24. g4 Rde8 25. Ne4 Nxe4 26. Qxe4 Qf4 27. Kc2 Qxe4+ 28. Rxe4
Kd7 29. Rde1 Rf2+ 30. Kc3 Rf3+ 31. R1e3 Rxe3+ 32. Rxe3 Rf8 33. b4 Rf2 34. a4 Ra2
35. Kb3 Rd2 36. g5 Rxd4 37. gxh6 gxh6 38. Rg3 Rd5 39. Rg7+ Kc8 40. Rg8+ Kc7 41. Rg7+
Kc8 42. Rg8+ 1/2-1/2

[Event "2024 British Rapidplay Championship"]
[Site "Holiday Inn Peterborough - West"]
[Date "2024.03.02"]
[Round "3.5"]
[White "Southcott-Moyers, Indy"]
[Black "Wells, Peter K"]
[Result "1/2-1/2"]
[WhiteFideId "488542"]
[BlackFideId "400327"]
[WhiteElo "1993"]
[BlackElo "2440"]
[EventDate "2024.03.02"]

1. d4 Nf6 2. c4 e6 3. Nf3 b6 4. a3 Bb7 5. Nc3 d5 6. cxd5 Nxd5 7. e3 g6 8. Bb5+ c6
9. Bd3 Bg7 10. O-O O-O 11. Ne4 Qe7 12. Ng3 c5 13. e4 Nc7 14. dxc5 bxc5 15. Bg5 f6
16. Be3 Nd7 17. Qc2 Rac8 18. Rfd1 f5 19. Bg5 Bf6 20. Bxf6 Nxf6 21. Re1 f4 22. Ne2
Nd7 23. h3 g5 24. Bc4 h5 25. e5 Bxf3 26. Qg6+ Kh8 27. gxf3 Nxe5 28. Qe4 Qg7 29. Nc3
Nxc4 30. Qxc4 g4 31. Kh1 g3 32. fxg3 fxg3 33. Kg2 Nd5 34. Nxd5 exd5 35. Qe2 Rb8 36.
Rab1 Rb3 37. Qe5 Qxe5 38. Rxe5 h4 39. Rxd5 Rfxf3 40. Rh5+ Kg7 41. Rxh4 Rf2+ 42. Kg1
Kf6 43. Rc4 Rbxb2 1/2-1/2

[Event "2024 British Rapidplay Championship"]
[Site "Holiday Inn Peterborough - West"]
[Date "2024.03.02"]
[Round "3.6"]
[White "Ledger, Andrew J"]
[Black "Lalic, Susan K"]
[Result "1-0"]
[WhiteFideId "400610"]
[BlackFideId "401510"]
[WhiteElo "2376"]
[BlackElo "2059"]
[EventDate "2024.03.02"]

1. d4 e6 2. c4 Bb4+ 3. Nd2 Nf6 4. Ngf3 O-O 5. a3 Be7 6. e4 d6 7. Bd3 Nc6 8. O-O e5
9. d5 Nb8 10. b4 a5 11. bxa5 Rxa5 12. c5 Rxc5 13. Nb3 Rc3 14. Bb2 Rxd3 15. Qxd3 b6
16. Rfc1 Qd7 17. Qc2 Bd8 18. a4 Qg4 19. Nfd2 Nh5 20. Nf1 Nf4 21. f3 Qg6 22. Ne3 Ba6
23. Rd1 Bg5 24. Kh1 Ne2 25. Nf5 Qh5 26. Nc1 Bf4 27. h3 Bxc1 28. Bxc1 g6 29. Bh6 Re8
30. Ng7 Re7 31. Nxh5 Re8 32. Ng7 1-0

[Event "2024 British Rapidplay Championship"]
[Site "Holiday Inn Peterborough - West"]
[Date "2024.03.02"]
[Round "3.8"]
[White "Davtyan, Artur"]
[Black "Dupuis, Denis K"]
[Result "1-0"]
[WhiteFideId "13308327"]
[BlackFideId "452980"]
[WhiteElo "2416"]
[BlackElo "1934"]
[EventDate "2024.03.02"]

1. d4 d5 2. c4 e6 3. Nc3 Nf6 4. cxd5 exd5 5. Bg5 Be7 6. e3 c6 7. Bd3 O-O 8. Nf3 Bg4
9. Qc2 Bxf3 10. gxf3 h6 11. h4 Nh5 12. O-O-O Na6 13. Bxe7 Qxe7 14. Bxa6 bxa6 15.
Kb1 Rfc8 16. Qd3 a5 17. Rc1 Qb4 18. Rc2 Rab8 19. Rg1 Qe7 20. Qf5 Qxh4 21. Nxd5 g6
22. Qd7 Rd8 23. Qxc6 Ng7 24. Qf6 Qxf6 25. Nxf6+ Kf8 26. Rc7 Rbc8 27. Rxa7 Rc6 28.
Nd7+ Ke8 29. Ne5 Rf6 30. Nxg6 fxg6 31. Rxg7 g5 32. Rg8+ Ke7 33. Rxd8 Kxd8 34. Rg3
Ke7 35. Kc2 Ke6 36. Kd3 Kf5 37. Rh3 Kg6 38. e4 h5 39. e5 Rb6 40. b3 h4 41. f4 Kf5
42. fxg5 Kxg5 43. f3 a4 44. Ke4 a3 45. Rh1 Rc6 46. Rh2 h3 47. Rxh3 Rc2 48. Rh8 Rxa2
49. Rg8+ Kh6 50. Ra8 Ra1 51. Kf5 Kg7 52. Ra7+ Kh6 53. f4 a2 54. d5 Rd1 55. Ra6+ Kg7
56. Ra7+ Kf8 57. Rxa2 Rxd5 58. Kf6 Rd8 59. e6 Rb8 60. Rh2 Kg8 61. Rg2+ Kf8 62. e7+
Ke8 63. Rg8+ 1-0

[Event "2024 British Rapidplay Championship"]
[Site "Holiday Inn Peterborough - West"]
[Date "2024.03.02"]
[Round "3.9"]
[White "Nawalaniec, Adam"]
[Black "Ashton, Adam G"]
[Result "1-0"]
[WhiteFideId "21023786"]
[BlackFideId "410110"]
[WhiteElo "1977"]
[BlackElo "2345"]
[EventDate "2024.03.02"]

1. e4 e5 2. Nf3 Nc6 3. Bc4 Nf6 4. Ng5 d5 5. exd5 Na5 6. Bb5+ c6 7. dxc6 bxc6 8. Qf3
Rb8 9. Bxc6+ Nxc6 10. Qxc6+ Nd7 11. Ne4 Rb6 12. Qc4 Ba6 13. Qa4 Be7 14. Nbc3 O-O
15. Nd5 Rg6 16. b3 f5 17. Nxe7+ Qxe7 18. Ba3 Qh4 19. Bxf8 Nxf8 20. Ng3 Qf6 21. O-O-O
e4 22. Kb1 h6 23. f3 exf3 24. gxf3 Kh7 25. Nh5 Qb6 26. Qf4 Ne6 27. Qxf5 Nd4 28. Qe4
Bb7 29. Qd3 Ba6 30. Qe3 Qc5 31. Qc3 Qxh5 32. Qxd4 Bb7 33. Rhg1 Bxf3 34. Rxg6 Qxg6
35. Rg1 1-0

[Event "2024 British Rapidplay Championship"]
[Site "Holiday Inn Peterborough - West"]
[Date "2024.03.02"]
[Round "3.10"]
[White "Fellowes, Billy"]
[Black "Jones, Steven A"]
[Result "1/2-1/2"]
[WhiteFideId "483540"]
[BlackFideId "419630"]
[WhiteElo "1959"]
[BlackElo "2194"]
[EventDate "2024.03.02"]

1. d4 Nf6 2. Bf4 g6 3. Nc3 d5 4. Nf3 Bg7 5. h4 c6 6. e3 Bg4 7. Be2 Nbd7 8. Ne5 Nxe5
9. Bxe5 Bxe2 10. Qxe2 h5 11. e4 dxe4 12. Nxe4 O-O 13. c3 Qd5 14. f3 Rad8 15. Nc5
b5 16. b3 Rc8 17. O-O Qd8 18. c4 Nd7 19. Bxg7 Kxg7 20. Ne4 Qb6 21. Rfd1 Rcd8 22.
Qf2 Nf6 23. Rac1 Qb8 24. Qe3 Rfe8 25. Qg5 Nxe4 26. fxe4 bxc4 27. bxc4 Qb2 28. Qd2
Qa3 29. Qf2 e6 30. Rc2 c5 31. d5 exd5 32. exd5 Re4 33. Rf1 f5 34. Rd1 Qe3 35. Qxe3
Rxe3 36. Kf2 Re4 37. g3 Rd6 38. Kf3 Kf6 39. Kf2 Ke5 40. Kf3 Ra6 41. Rcd2 Kd6 42.
Re2 Ra3+ 43. Kf2 Rxe2+ 44. Kxe2 Rxa2+ 45. Rd2 Ra4 46. Rc2 Ke5 47. Rd2 Kd6 48. Rc2
Ra3 49. Kf2 Rd3 50. Ra2 Rc3 51. Ra6+ Ke5 52. Re6+ Kd4 53. Rxg6 Rxc4 54. d6 Ke5 55.
d7 Rd4 56. Rc6 Rxd7 57. Rxc5+ Ke4 58. Rc4+ Rd4 59. Rc7 Rd2+ 60. Ke1 Ra2 61. Rc4+
Kf3 62. Rf4+ Kxg3 63. Rxf5 Kxh4 64. Rf7 a5 65. Ra7 Kg3 66. Rg7+ Kh3 67. Kf1 a4 68.
Rc7 Kg3 69. Rc3+ Kf4 70. Rc4+ Ke3 71. Rh4 Ra1+ 72. Kg2 a3 73. Rxh5 Rb1 74. Rh3+ Ke2
1/2-1/2

[Event "2024 British Rapidplay Championship"]
[Site "Holiday Inn Peterborough - West"]
[Date "2024.03.02"]
[Round "3.11"]
[White "Royal, Shreyas"]
[Black "Repasi, Zoltan"]
[Result "1-0"]
[WhiteFideId "448869"]
[BlackFideId "724602"]
[WhiteElo "2331"]
[BlackElo "2097"]
[EventDate "2024.03.02"]

1. d4 g6 2. c4 Bg7 3. e4 d6 4. Nc3 e5 5. Be3 exd4 6. Bxd4 Nf6 7. Qc2 O-O 8. f3 Nxe4
9. Bxg7 Qh4+ 10. g3 Nxg3 11. hxg3 Qxh1 12. Bxf8 Qxg1 13. Bh6 Qxg3+ 14. Qf2 Qe5+ 15.
Qe3 Be6 16. Qxe5 dxe5 17. O-O-O Nc6 18. f4 f5 19. fxe5 Nxe5 20. Re1 Ng4 21. Bf4 Kf7
22. Nb5 Bd7 23. Nxc7 Rc8 24. c5 g5 25. Bd6 Kg6 26. Nd5 Re8 27. Ne7+ Kf6 28. Bg2 Bc6
29. Bh3 Nf2 30. Bxf5 Rxe7 31. Rxe7 Kxf5 32. Rf7+ 1-0

[Event "2024 British Rapidplay Championship"]
[Site "Holiday Inn Peterborough - West"]
[Date "2024.03.02"]
[Round "3.12"]
[White "Herring, Sam AC"]
[Black "Boswell, Jacob Connor"]
[Result "0-1"]
[WhiteFideId "429767"]
[BlackFideId "427110"]
[WhiteElo "1895"]
[BlackElo "2031"]
[EventDate "2024.03.02"]

1. Nf3 Nf6 2. g3 g6 3. Bg2 Bg7 4. d4 O-O 5. O-O d6 6. b3 c5 7. Bb2 Nc6 8. d5 Nb4
9. c4 b5 10. a3 Na6 11. cxb5 Nc7 12. Nc3 Rb8 13. Nd2 Nfxd5 14. Nxd5 Bxb2 15. Ra2
Bg7 16. Nxc7 Qxc7 17. a4 a6 18. Bc6 Bb7 19. Bxb7 Qxb7 20. bxa6 Qxa6 21. Nc4 Rb4 22.
Qc2 Rfb8 23. Ra3 d5 24. Ne3 e6 25. Qxc5 Rxb3 26. Rxb3 Rxb3 27. Rc1 Qxa4 28. Qc8+
Bf8 29. Qd8 Qe4 30. Qc7 Rb2 31. h3 Rxe2 32. Ng4 Re1+ 33. Rxe1 Qxe1+ 34. Kh2 Kg7 35.
Qd8 Qc3 36. Qg5 f6 37. Qf4 h5 38. Ne3 Qe5 39. Qa4 Kf7 40. Qd7+ Be7 41. h4 Qd6 42.
Qb5 d4 43. Ng2 e5 44. Qc4+ Qe6 45. Qd3 Kg7 46. Ne1 Qf5 47. Qd2 Kh7 48. f3 Qb1 49.
Nd3 Bf8 50. Qe2 Bg7 51. Kg2 Qb7 52. Kh2 Qd5 53. Nf2 Bh6 54. Ne4 Qc6 55. Qa2 Bg7 56.
Qf7 Qc2+ 57. Kh3 Qc8+ 58. Kh2 Qc6 59. Qb3 Qd7 60. Qd3 Qd5 61. Kg2 Qa2+ 62. Kh3 Qa1
63. Kg2 Qb2+ 64. Kh3 Qc1 65. Kg2 Qc8 66. Qb5 Qe6 67. Qd3 Bh6 68. Qb5 Bf8 69. Qb7+
Be7 70. Qb5 f5 71. Nf2 e4 72. fxe4 fxe4 73. Qe2 e3 74. Nd3 Qe4+ 75. Kh2 Bd6 76. Kh3
Qh1+ 77. Qh2 Qf1+ 78. Qg2 Qxd3 79. Qb7+ Kh6 80. Qd5 Qf5+ 0-1

[Event "2024 British Rapidplay Championship"]
[Site "Holiday Inn Peterborough - West"]
[Date "2024.03.02"]
[Round "3.13"]
[White "Willow, Jonah B"]
[Black "He, Tom Junde"]
[Result "1-0"]
[WhiteFideId "438804"]
[BlackFideId "488810"]
[WhiteElo "2295"]
[BlackElo "1922"]
[EventDate "2024.03.02"]

1. e4 e5 2. Nf3 Nc6 3. Nc3 Nf6 4. Bb5 Nd4 5. O-O Nxb5 6. Nxb5 Nxe4 7. Re1 d5 8. d3
Nf6 9. Rxe5+ Be7 10. Qe1 Be6 11. Nfd4 c6 12. Nxe6 fxe6 13. Nd4 Qb6 14. Nxe6 Kd7 15.
Be3 Qxb2 16. Bd4 Qxc2 17. Nxg7 Bd6 18. Re2 Qxd3 19. Bxf6 Rhf8 20. Re7+ Bxe7 21. Qxe7+
Kc8 22. Ne6 Rxf6 23. Qc7# 1-0

[Event "2024 British Rapidplay Championship"]
[Site "Holiday Inn Peterborough - West"]
[Date "2024.03.02"]
[Round "3.14"]
[White "Leung, Hao Ran"]
[Black "Derakhshani, Borna"]
[Result "1/2-1/2"]
[WhiteFideId "6012620"]
[BlackFideId "12518450"]
[WhiteElo "1865"]
[BlackElo "2286"]
[EventDate "2024.03.02"]

1. c4 e5 2. Nc3 Nf6 3. g3 Bb4 4. Nd5 Bc5 5. Bg2 c6 6. Nxf6+ Qxf6 7. e3 O-O 8. Ne2
d6 9. d4 Bb6 10. O-O Bg4 11. f3 Be6 12. b3 Na6 13. Bb2 Qh6 14. f4 Bh3 15. a3 Rae8
16. Bxh3 Qxh3 17. c5 dxc5 18. dxe5 c4 19. Bd4 c5 20. Bb2 Rd8 21. Qc2 cxb3 22. Qxb3
Rd2 23. Rae1 Qh5 24. Rf2 c4 25. Qc3 Rxb2 26. Qxb2 Bxe3 27. Nd4 Bxf2+ 28. Qxf2 Nc5
29. Qe2 Qxe2 30. Rxe2 Rd8 31. Nb5 Rd3 32. Rc2 Rb3 33. a4 Rb4 34. Nd6 Rxa4 35. Rxc4
Rxc4 36. Nxc4 b5 37. Na5 Kf8 38. Kf2 Ke8 39. Ke3 Kd7 40. Kd4 Ne6+ 41. Kd5 g6 42.
Nb7 a6 43. Nd6 Nd8 44. Ne4 Ke7 45. Kc5 h5 46. Kb6 b4 47. Nc5 Ne6 48. Nb3 f6 49. Kxa6
fxe5 50. fxe5 Ng5 51. Nd4 b3 52. Nxb3 Ke6 53. Kb6 Kxe5 54. Nd2 Kd4 55. Kc6 Ke3 56.
Nc4+ Kd4 57. Nd2 Kd3 58. Nb3 Nf3 59. Nc5+ Ke2 60. Ne6 Nxh2 61. Nf4+ Kf3 62. Nxg6
Kxg3 63. Kd5 Nf3 64. Ke4 Nh4 65. Nf4 1/2-1/2

[Event "2024 British Rapidplay Championship"]
[Site "Holiday Inn Peterborough - West"]
[Date "2024.03.02"]
[Round "3.15"]
[White "Pink, Joshua"]
[Black "Badacsonyi, Stanley"]
[Result "1/2-1/2"]
[WhiteFideId "424790"]
[BlackFideId "486973"]
[WhiteElo "1891"]
[BlackElo "2105"]
[EventDate "2024.03.02"]

1. Nc3 e6 2. f4 Nf6 3. Nf3 d5 4. e3 b6 5. Be2 Bb7 6. O-O a6 7. d3 Nbd7 8. Ne5 c5
9. Bf3 Qc7 10. Nxd7 Nxd7 11. e4 dxe4 12. dxe4 O-O-O 13. Qe2 c4 14. Be3 Bc5 15. Rfd1
Bxe3+ 16. Qxe3 Qc5 17. Kf2 Rhe8 18. Qxc5+ Nxc5 19. e5 Kc7 20. Bxb7 Kxb7 21. Ke3 Kc6
22. Ne4 Nxe4 23. Kxe4 b5 24. c3 Kc5 25. b4+ Kc6 26. a4 f5+ 27. exf6 gxf6 28. axb5+
Kxb5 29. g4 Rxd1 30. Rxd1 Ka4 31. Rb1 Rd8 32. g5 fxg5 33. fxg5 Rd3 34. Ra1+ Kb3 35.
Rxa6 Kxc3 36. b5 Rd5 37. Rxe6 Rxb5 38. h4 Rb7 39. Rc6 Kb3 40. Kf5 Rf7+ 41. Ke5 c3
42. h5 1/2-1/2

[Event "2024 British Rapidplay Championship"]
[Site "Holiday Inn Peterborough - West"]
[Date "2024.03.02"]
[Round "3.16"]
[White "Kanyamarala, Tarun"]
[Black "Sivanandan, Bodhana"]
[Result "1-0"]
[WhiteFideId "45004714"]
[BlackFideId "497592"]
[WhiteElo "2266"]
[BlackElo "1904"]
[EventDate "2024.03.02"]

1. d4 d5 2. Nc3 Nf6 3. Bf4 e6 4. Nb5 Na6 5. e3 Be7 6. Nf3 O-O 7. a3 c6 8. Nc3 c5
9. Bxa6 bxa6 10. dxc5 Bxc5 11. O-O Bd7 12. Ne5 Rc8 13. Qf3 Bb5 14. Rfd1 Nd7 15. e4
Nxe5 16. Bxe5 f6 17. Bd4 Bxd4 18. Rxd4 Qb6 19. Rad1 dxe4 20. Qxe4 e5 21. Rd6 Bc6
22. Nd5 Qb7 23. Qg4 Bxd5 24. Rd7 Rf7 25. Rxb7 Bxb7 26. h3 h6 27. Qe6 Rcf8 28. Rd6
Kh7 29. Rd7 Bc8 30. Qxf7 Rxf7 31. Rxf7 Bf5 32. c3 Kg6 33. Rxa7 Bd3 34. b3 Bc2 35.
Rxa6 Bxb3 36. Rb6 Ba4 37. Rb4 Bc6 38. a4 Kf5 39. a5 Ke6 40. a6 Kd6 41. a7 Kc5 42.
Rb8 g5 43. Rc8 Kb6 44. Rxc6+ Kxc6 45. a8=Q+ Kd6 46. Qe4 Ke6 47. Qg6 Ke7 48. g4 Ke6
49. c4 Ke7 50. c5 Ke6 51. Qg8+ Kd7 52. Qd5+ Kc7 53. c6 Kc8 54. Qd7+ Kb8 55. Qb7#
1-0

[Event "2024 British Rapidplay Championship"]
[Site "Holiday Inn Peterborough - West"]
[Date "2024.03.02"]
[Round "3.17"]
[White "Patel, Zain"]
[Black "Mirzoeva, Elmira"]
[Result "0-1"]
[WhiteFideId "469246"]
[BlackFideId "4127951"]
[WhiteElo "1828"]
[BlackElo "2206"]
[EventDate "2024.03.02"]

1. d4 d6 2. Nf3 g6 3. c4 Bg7 4. Nc3 Nd7 5. e4 e5 6. Be2 Ne7 7. O-O O-O 8. Bg5 h6
9. Be3 exd4 10. Nxd4 Nc5 11. Qc2 f5 12. f3 f4 13. Bf2 c6 14. Rad1 Qc7 15. Nb3 Nxb3
16. Qxb3 Be6 17. Qa3 Be5 18. Bd4 Rfd8 19. Bxe5 dxe5 20. Rxd8+ Rxd8 21. Qxa7 Rd2 22.
Qa3 Qb6+ 23. Kh1 Kf7 24. b4 Qe3 25. Qc1 Rxe2 26. Nxe2 Qxe2 27. Re1 Qxc4 28. Qxc4
Bxc4 29. a4 Ke6 30. Rc1 Bb3 31. a5 Ba4 32. Ra1 Bb5 33. Rd1 Nc8 34. Rd8 Nd6 35. Rh8
h5 36. Kg1 Nc4 37. Rh7 Ba6 38. g3 Ne3 39. gxf4 exf4 40. Rg7 Kf6 41. Rd7 Nc2 42. Rd6+
Kf7 43. b5 cxb5 44. Kf2 Ne3 45. Rd4 Ke6 46. Ke2 b4+ 47. Kd2 Nf1+ 48. Ke1 Nxh2 49.
Kf2 g5 50. Rxb4 g4 51. Rb6+ Ke5 52. Rh6 Nxf3 53. Rxh5+ Kxe4 54. Rh8 g3+ 55. Kg2 Ne1+
56. Kg1 f3 0-1

[Event "2024 British Rapidplay Championship"]
[Site "Holiday Inn Peterborough - West"]
[Date "2024.03.02"]
[Round "3.18"]
[White "Hryshchenko, Kamila"]
[Black "Verbytski, Oleg"]
[Result "0-1"]
[WhiteFideId "14147491"]
[BlackFideId "495506"]
[WhiteElo "2118"]
[BlackElo "1894"]
[EventDate "2024.03.02"]

1. e4 c5 2. Nf3 d6 3. d3 Nc6 4. g3 Nf6 5. Bg2 e6 6. O-O Be7 7. c3 Qc7 8. Nbd2 d5
9. Re1 O-O 10. e5 Nd7 11. Qe2 b5 12. Nf1 Bb7 13. h4 d4 14. Bf4 dxc3 15. bxc3 Nb6
16. Ne3 Rfd8 17. h5 b4 18. c4 Nd4 19. Nxd4 Rxd4 20. Nf5 exf5 21. e6 Rxf4 22. exf7+
Kxf7 23. Qe6+ Kf8 24. gxf4 Bxg2 25. Kxg2 Qd7 26. Qe5 Bd6 27. Qe3 Qc6+ 28. Kg3 Re8
29. Qxe8+ Qxe8 30. Rxe8+ Kxe8 31. Re1+ Kf7 32. Kf3 a5 33. Rc1 Nd7 34. h6 g6 35. Ke3
Nf6 36. d4 Ne4 37. f3 Nc3 38. Rc2 Ke6 39. Rg2 Bf8 40. dxc5 Bxc5+ 41. Kd3 Kf7 42.
Rd2 Ke6 43. a3 bxa3 44. Rg2 a2 45. Rxg6+ hxg6 46. h7 Bd4 47. Kxd4 a1=Q 0-1

[Event "2024 British Rapidplay Championship"]
[Site "Holiday Inn Peterborough - West"]
[Date "2024.03.02"]
[Round "3.19"]
[White "Brocklehurst, Andrew"]
[Black "Mikalajunas, Kajus"]
[Result "1/2-1/2"]
[WhiteFideId "424765"]
[BlackFideId "483621"]
[WhiteElo "1896"]
[BlackElo "2042"]
[EventDate "2024.03.02"]

1. e4 c6 2. d4 d5 3. e5 Bf5 4. Ne2 e6 5. Ng3 Bg6 6. Bd3 Bxd3 7. cxd3 g6 8. Nc3 Be7
9. O-O h5 10. a3 Nh6 11. Bxh6 Rxh6 12. Qd2 Rh7 13. b4 a5 14. b5 Qb6 15. bxc6 Nxc6
16. Nge2 Nxd4 17. Rfb1 Nxe2+ 18. Qxe2 Qc7 19. Nb5 Qd7 20. d4 Kf8 21. Rc1 Rc8 22.
h3 Kg7 23. Rxc8 Qxc8 24. Qe3 Qd7 25. a4 Rh8 26. Rc1 Rc8 27. Rc3 Bb4 28. Rxc8 Qxc8
29. Qf4 Be7 30. Nd6 Bxd6 31. Qf6+ Kg8 32. exd6 Qc6 33. Qd8+ Kg7 34. Qc7 Kf8 35. Qd8+
Kg7 36. Qc7 Kf8 37. Qd8+ 1/2-1/2

[Event "2024 British Rapidplay Championship"]
[Site "Holiday Inn Peterborough - West"]
[Date "2024.03.02"]
[Round "3.20"]
[White "Toma, Katarzyna"]
[Black "Tart, Peter K"]
[Result "1-0"]
[WhiteFideId "1119907"]
[BlackFideId "471070"]
[WhiteElo "2122"]
[BlackElo "1987"]
[EventDate "2024.03.02"]

1. e4 e5 2. Nf3 Nf6 3. Nxe5 Nxe4 4. Nf3 d5 5. Nc3 Be7 6. d4 O-O 7. Bd3 Bf5 8. O-O
Nxc3 9. bxc3 Bxd3 10. cxd3 Nd7 11. Re1 Bf6 12. Rb1 b6 13. Bf4 c5 14. Ne5 Nxe5 15.
dxe5 Bg5 16. Bg3 d4 17. c4 Bh4 18. Qg4 Bxg3 19. Qxg3 Qd7 20. f4 Rae8 21. Rb2 f6 22.
Rbe2 fxe5 23. Rxe5 Rxe5 24. Rxe5 Qa4 25. h3 Qd1+ 26. Kh2 Qf1 27. Rg5 Qxf4 28. Rxg7+
Kh8 29. Rg8+ Rxg8 30. Qxf4 Re8 31. Qf7 1-0

[Event "2024 British Rapidplay Championship"]
[Site "Holiday Inn Peterborough - West"]
[Date "2024.03.02"]
[Round "3.21"]
[White "Khoury, Theo"]
[Black "Crawford, Owen"]
[Result "1-0"]
[WhiteFideId "480703"]
[BlackFideId "343409393"]
[WhiteElo "1968"]
[BlackElo "1917"]
[EventDate "2024.03.02"]

1. e4 e5 2. Nf3 Nc6 3. d4 exd4 4. Nxd4 Nf6 5. Nxc6 bxc6 6. e5 Qe7 7. Qe2 Nd5 8. h4
Qe6 9. Nd2 f6 10. exf6 Qxe2+ 11. Bxe2 Nxf6 12. O-O Be7 13. Re1 Kf7 14. Nf3 Re8 15.
Bf4 d6 16. Rad1 Kf8 17. Bc4 d5 18. Bd3 Bd6 19. Bg5 Bg4 20. Bxf6 gxf6 21. Bxh7 Kg7
22. Bd3 Bxf3 23. gxf3 Rh8 24. Kg2 Rxh4 25. Rh1 Rah8 26. Rxh4 Rxh4 27. Bf5 Ra4 28.
a3 Be5 29. c3 Kf8 30. Rh1 Ke7 31. Rh7+ Kd6 32. Rd7+ Kc5 33. Bd3 Rh4 34. Rd8 Rh2+
35. Kg1 Rh3 36. b4+ 1-0

[Event "2024 British Rapidplay Championship"]
[Site "Holiday Inn Peterborough - West"]
[Date "2024.03.02"]
[Round "3.22"]
[White "Rich, Ben S"]
[Black "Moreby, James E"]
[Result "0-1"]
[WhiteFideId "490431"]
[BlackFideId "427756"]
[WhiteElo "1918"]
[BlackElo "2248"]
[EventDate "2024.03.02"]

1. a3 g6 2. b4 Bg7 3. Nc3 d5 4. e3 e5 5. Bb2 Ne7 6. Nf3 O-O 7. Be2 Nbc6 8. d3 a6
9. Na4 Re8 10. O-O b6 11. c4 d4 12. Rb1 Bb7 13. Re1 Qd7 14. Bc1 Rad8 15. e4 f5 16.
Qb3 Kh8 17. Ng5 Rf8 18. c5 b5 19. Nb2 h6 20. Ne6 Rf6 21. Nxd8 Nxd8 22. Bf3 Bc6 23.
Qc2 g5 24. g3 g4 25. Bg2 f4 26. Bd2 Ne6 27. Rf1 h5 28. h4 Ng6 29. Rbe1 Rf7 30. Kh2
Bf6 31. Qd1 f3 32. Bh1 Bxh4 33. gxh4 Qd8 34. Bg5 Nxg5 35. hxg5 Qxg5 36. Qc1 Qh4+
37. Kg1 Nf4 38. Nd1 Nh3+ 39. Kh2 Nxf2+ 40. Kg1 Nh3+ 41. Kh2 g3# 0-1

[Event "2024 British Rapidplay Championship"]
[Site "Holiday Inn Peterborough - West"]
[Date "2024.03.02"]
[Round "3.23"]
[White "Harris, Michael"]
[Black "George, Matthew P"]
[Result "1-0"]
[WhiteFideId "402028"]
[BlackFideId "407763"]
[WhiteElo "2233"]
[BlackElo "2003"]
[EventDate "2024.03.02"]

1. d4 d5 2. Nf3 Nf6 3. c4 e6 4. g3 Bb4+ 5. Bd2 Bd6 6. Bg2 O-O 7. O-O c6 8. Qc2 Nbd7
9. Bf4 Qe7 10. Nbd2 b6 11. cxd5 cxd5 12. Qc6 Bxf4 13. Qxa8 Bb8 14. Qc6 Ba6 15. Rfe1
Qb4 16. a3 Qe7 17. Rac1 h6 18. e3 Rd8 19. Bf1 Bc8 20. Qa4 Nf8 21. Rc2 g5 22. Rec1
Bb7 23. Ne5 Ng6 24. Ba6 Nxe5 25. dxe5 Bxe5 26. Bxb7 Qxb7 27. Nf3 Bd6 28. Nd4 h5 29.
Nb5 Bb8 30. Nc7 Ne4 31. Qc6 Qc8 32. Nxd5 Qxc6 33. Ne7+ Kg7 34. Nxc6 Re8 35. Nxb8
Rh8 1-0

[Event "2024 British Rapidplay Championship"]
[Site "Holiday Inn Peterborough - West"]
[Date "2024.03.02"]
[Round "3.24"]
[White "Sagues, Vincent"]
[Black "Pickard, Charles"]
[Result "1-0"]
[WhiteFideId "625680"]
[BlackFideId "470880"]
[WhiteElo "1891"]
[BlackElo "2190"]
[EventDate "2024.03.02"]

1. e4 c5 2. Nf3 e6 3. d4 cxd4 4. Nxd4 Nf6 5. Nc3 Nc6 6. Ndb5 Bb4 7. a3 Bxc3+ 8. Nxc3
d5 9. exd5 exd5 10. Bg5 d4 11. Qe2+ Be6 12. Ne4 Qa5+ 13. Bd2 Qe5 14. Nxf6+ Qxf6 15.
O-O-O O-O 16. Qh5 Bf5 17. Qg5 Qe6 18. Kb1 Rac8 19. Bd3 Bxd3 20. cxd3 Qb3 21. Bc1
b5 22. Qd2 a5 23. Qc2 Qd5 24. Qe2 Rfe8 25. Qf3 Qb3 26. Rde1 Ne5 27. Qe4 Qxd3+ 28.
Qxd3 Nxd3 29. Rxe8+ Rxe8 30. Rd1 Nxf2 31. Rxd4 f6 32. Rd5 Re5 33. Rxe5 fxe5 34. Bd2
a4 35. Kc2 Kf7 36. Be1 Ng4 37. h3 Ne3+ 38. Kc3 Nd5+ 39. Kd2 Ke6 40. g4 Nf4 41. h4
Kd5 42. Kc3 e4 43. Bd2 Ng2 44. Bg5 h6 45. Be7 g6 46. h5 gxh5 47. gxh5 Nh4 48. Bxh4
Ke5 49. Bg3+ Kf5 50. Kd4 Kg4 51. Bd6 Kxh5 52. Kxe4 Kg4 53. Kd5 Kf3 1-0